| 000 | 00332 a2200133 4500 | ||
|---|---|---|---|
| 001 | 91672 | ||
| 082 | _aPR 1640 | ||
| 090 |
_c43832 _d43831 |
||
| 100 | _aMuhammad Shoaib Arif; Prof Iftekhar Mehmood, Advisor | ||
| 245 |
_aBEAMFORMER _n50 "B" EC |
||
| 260 |
_aRawalpindi _bNUST _c1999 |
||
| 300 | _a60p | ||
| 500 | _aBE Project Reports | ||
| 942 |
_aCAE NUST _kPR 1640 |
||
| 999 |
_c326745 _d326745 |
||